| 000 | 01334cab a2200229 4500 | ||
|---|---|---|---|
| 001 | ABS68632 | ||
| 008 | 050125n2005 000 0 eng u | ||
| 035 | _a(Sirsi) u128610 | ||
| 100 | _aEverton, R. | ||
| 245 | _aLegal mechanisms | ||
| 260 | _c2005 | ||
| 490 |
_aFire Engineers' Journal _v65(252) January 2005, 14-17(4) |
||
| 520 | _aDiscusses the problems and the implementation of the proposed Regulatory Reform (Fire Safety) Order in England and Wales. The main ideas of the proposals are to simplify the law by incorporating existing provisions in the regime. Notes that weaknesses within the proposed Order have already been mentioned by the House of Lords Delegated Powers and Regulatory Reform Committe and the House of Commons Regulatory Reform Committee. Concentrates on two of the main problem areas: that of implementation of the Order and its emforcement. One of the criticisms is that the Order is cast in over general terms and lacks the mechanisms in its provisions to be put into practice. | ||
| 590 | _aABS | ||
| 650 | _aRISK MANAGEMENT | ||
| 650 | _aMANAGEMENT-HEALTH AND SAFETY-FIRE SAFETY | ||
| 650 | _aREGULATORY REFORM ACT 2001 | ||
| 650 | _aREGULATORY REFORM (FIRE SAFETY) ORDER 2005 | ||
| 650 | _aFIRE PRECAUTIONS (WORKPLACE) REGULATIONS 1997 | ||
| 690 |
_aHealth and safety _96244 |
||
| 942 | _n0 | ||
| 999 |
_c74755 _d74755 |
||